| 000 | 00717nac a22002171u 4500 | ||
|---|---|---|---|
| 010 | _a013086392 | ||
| 020 | _a1851683631 (pbk.) | ||
| 082 |
_a321.8 _bBEE |
||
| 090 |
_c7096 _d7096 |
||
| 100 | _aBeetham, David. | ||
| 245 |
_aDemocracy : a beginner’s guide / _cDavid Beetham. |
||
| 260 |
_aOxford : _bOneworld, c2005. _c c2005. |
||
| 300 |
_ax, 194 p. : _bill. ; _c22 cm. |
||
| 500 | _aFormerly CIP. Uk | ||
| 500 | _aDistributer: Al-Ahram. | ||
| 504 | _aIncludes Index. | ||
| 511 | _aCatalogued By: Mahitab. | ||
| 650 | _aDemocracy. | ||
| 942 |
_cBB _k321.8 BEE |
||
| 999 |
_c7096 _d7096 |
||